[Event "10. HIT Open A"]
[Site "?"]
[Date "2005.01.31"]
[Round "6"]
[White "Burmakin Vladimir"]
[Black "Brkic Ante"]
[Result "1/2-1/2"]
[WhiteElo "2554"]
[BlackElo "2458"]
[PlyCount "95"]
[EventDate "2005.??.??"]
[Source "www.chesslib.no"]
[SourceDate "2004.05.04"]

1. d4 Nf6 2. Nf3 g6 3. c4 Bg7 4. Nc3 d5 5. e3 O-O 6. Qb3 c6 7. Bd2 e6 8. Bd3 Nbd7 9. O-O b6 10. Rfc1 Bb7 11. a4 c5 12. cxd5 cxd4 13. exd4 Nxd5 14. Nb5 Qb8 15. Qa3 Rd8 16. Bg5 Re8 17. Qd6 N7f6 18. Ne5 Ba6 19. Qxb8 Rexb8 20. Nc6 Rf8 21. Ra3 Nd7 22. Nbxa7 Bxd3 23. Rxd3 Nb8 24. b3 Nxc6 25. Nxc6 Rfc8 26. Rdd1 Rc7 27. Rc4 Kf8 28. Rdc1 Ke8 29. Kf1 f6 30. Bd2 Bf8 31. g3 Kd7 32. Ke2 Bd6 33. h4 h5 34. Kf3 Ba3 35. R1c2 Bd6 36. Ke4 Rb7 37. Kf3 b5 38. axb5 Rxb5 39. b4 Ra3+ 40. Ke2 Ra6 41. Na5 Nxb4 42. Bxb4 Rxb4 43. Rxb4 Bxb4 44. Nc4 Ke8 45. Kd3 Be7 46. Rb2 Kf8 47. Rb6 Rxb6 48. Nxb6 1/2-1/2

[Event "35th Atlantic Open"]
[Site "Washington DC"]
[Date "2004.08.29"]
[Round "5"]
[White "Enhbat, Tegshsuren"]
[Black "Shabalov, Alexander"]
[Result "1/2-1/2"]
[WhiteElo "2406"]
[BlackElo "2605"]
[PlyCount "141"]
[EventDate "2004.08.27"]
[Source "Roberto Alvarez"]
[SourceDate "2004.09.15"]

1. d4 d5 2. Nf3 Nf6 3. c4 c6 4. Qb3 g6 5. Nc3 Bg7 6. e3 O-O 7. Ne5 e6 8. Be2 b6 9. O-O Bb7 10. cxd5 exd5 11. Bd2 Nbd7 12. Nxd7 Qxd7 13. Rac1 Rfe8 14. Rfd1 h5 15. a4 h4 16. h3 Bf8 17. a5 b5 18. Na2 Ne4 19. Nb4 a6 20. Nd3 Qf5 21. Bf3 Rad8 22. Bb4 Bh6 23. Bxe4 dxe4 24. Ne5 Qe6 25. Qxe6 Rxe6 26. Rd2 c5 27. Ng4 Bg7 28. Bxc5 f5 29. Nh2 Rc8 30. Rdc2 Bd5 31. Bb4 Rxc2 32. Rxc2 Rc6 33. Rxc6 Bxc6 34. Kf1 Kf7 35. Ke1 Bf6 36. Nf1 Bd8 37. Nd2 Bd5 38. Ke2 Ke6 39. f3 Bc7 40. f4 Kf6 41. Kf2 g5 42. fxg5+ Kxg5 43. Nf1 Bc4 44. Nd2 Bd3 45. Be7+ Kh5 46. d5 Bg3+ 47. Kg1 f4 48. exf4 e3 49. Nf3 Bf2+ 50. Kh1 Be4 51. d6 Bc6 52. Nd4 Bd7 53. Bd8 Be1 54. Nf3 Bg3 55. Bxh4 Bxf4 56. g4+ Kg6 57. Kg2 e2 58. Kf2 Bxd6 59. Kxe2 b4 60. Be1 Bb5+ 61. Ke3 Bc5+ 62. Kd2 Bd6 63. Nd4 Bf1 64. h4 Bh3 65. g5 Be5 66. Ne2 Bg4 67. b3 Bc7 68. Nd4 Bxa5 69. Kd3 Bb6 70. Bxb4 Bxd4 71. Kxd4 1/2-1/2

[Event "Andorra Open"]
[Site "Andorra"]
[Date "1991.??.??"]
[Round "?"]
[White "Lalic, Bogdan"]
[Black "Komljenovic, Davor"]
[Result "0-1"]
[WhiteElo "2520"]
[BlackElo "2490"]
[PlyCount "76"]
[EventDate "1991.06.??"]
[Source "www.chesslib.no"]
[SourceDate "2004.05.04"]

1. c4 c6 2. d4 d5 3. Nc3 Nf6 4. e3 g6 5. Nf3 Bg7 6. Qb3 O-O 7. Bd2 e6 8. Bd3 Nbd7 9. O-O c5 10. h3 cxd4 11. exd4 dxc4 12. Bxc4 Nb6 13. Bd3 Nbd5 14. Rfe1 b6 15. Ne5 Bb7 16. Rad1 Rc8 17. Bf1 Nxc3 18. bxc3 Ne4 19. Qb2 Qc7 20. c4 Nxd2 21. Qxd2 Ba6 22. Rc1 Rfd8 23. Qe3 Bxe5 24. dxe5 Qc5 25. Qh6 Qd4 26. h4 Qd2 27. Qxd2 Rxd2 28. Re2 Rd4 29. Rec2 Rxh4 30. c5 Bxf1 31. cxb6 Rxc2 32. Rxc2 Bxg2 33. bxa7 Rg4 34. Kh2 Kg7 35. Rc8 Bd5 36. a8=Q Rg2+ 37. Kh3 Bxa8 38. Rxa8 Rxf2 0-1

[Event "MTO"]
[Site "Biel"]
[Date "2004.07.27"]
[Round "8"]
[White "Rukavina, Josip"]
[Black "Roiz, Michael"]
[Result "1/2-1/2"]
[WhiteElo "2428"]
[BlackElo "2574"]
[PlyCount "83"]
[EventDate "2004.07.19"]
[Source "Roberto Alvarez"]
[SourceDate "2004.08.10"]

1. c4 g6 2. d4 Nf6 3. Nc3 d5 4. Nf3 Bg7 5. e3 O-O 6. Qb3 e6 7. Qa3 c6 8. b3 Re8 9. Be2 Nbd7 10. O-O b6 11. b4 dxc4 12. Bxc4 Bb7 13. Ba6 Bxa6 14. Qxa6 c5 15. bxc5 bxc5 16. Ba3 Qb6 17. Qa4 Rec8 18. Rab1 Qd8 19. Rfc1 cxd4 20. Nxd4 Nb6 21. Qa6 Nfd5 22. Nxd5 Rxc1+ 23. Rxc1 Qxd5 24. Nf3 h5 25. h3 Be5 26. Bc5 Rd8 27. Bd4 Bxd4 28. Nxd4 Rd7 29. a4 Qd6 30. Rc6 Qe7 31. a5 Nd5 32. Nxe6 fxe6 33. Rxe6 Qf7 34. Rxg6+ Kh7 35. Rg5 Nf6 36. Rf5 Kg7 37. Rg5+ Kh7 38. Qb5 Rd1+ 39. Kh2 Rd5 40. Rxd5 Nxd5 41. Kg1 Kg6 42. g3 1/2-1/2

[Event "56th ch-RUS"]
[Site "Krasnoyarsk"]
[Date "2003.09.09"]
[Round "6"]
[White "Iljin, Artem"]
[Black "Kurnosov, Igor"]
[Result "1/2-1/2"]
[WhiteElo "2471"]
[BlackElo "2527"]
[PlyCount "41"]
[EventDate "2003.09.03"]
[Source "Roberto Alvarez"]
[SourceDate "2003.09.15"]

1. d4 Nf6 2. c4 g6 3. Nc3 d5 4. Nf3 Bg7 5. e3 O-O 6. Qb3 c6 7. Bd2 dxc4 8. Bxc4 b5 9. Bd3 Nbd7 10. Ne4 Bb7 11. Rc1 Rc8 12. O-O c5 13. Nxc5 Nxc5 14. dxc5 Bxf3 15. gxf3 Nd7 16. Bb4 a5 17. Rfd1 axb4 18. Bxb5 Rxc5 19. Rxc5 Nxc5 20. Rxd8 Nxb3 21. Rxf8+ 1/2-1/2

[Event "DSV-Turnier"]
[Site "Halle"]
[Date "1987.??.??"]
[Round "?"]
[White "Boensch, Uwe"]
[Black "Gauglitz, Gernot"]
[Result "1-0"]
[WhiteElo "2530"]
[BlackElo "2465"]
[PlyCount "47"]
[EventDate "1987.10.??"]
[Source "ChessBase"]

1. d4 Nf6 2. c4 g6 3. Nc3 d5 4. Nf3 Bg7 5. e3 O-O 6. Qb3 dxc4 7. Bxc4 Nfd7 8. O-O Nb6 9. Be2 Nc6 10. Rd1 a5 11. a4 Nb4 12. e4 c6 13. d5 cxd5 14. exd5 Bf5 15. Ne1 Rc8 16. Be3 Bd7 17. h3 Qc7 18. Nb5 Bxb5 19. axb5 Nd7 20. b6 Qe5 21. Rxa5 Qxb2 22. Qxb2 Bxb2 23. Ra7 Rb8 24. Bd4 1-0

[Event "Chigorin Mem Open, St Petersburg RUS"]
[Site "?"]
[Date "2001.??.??"]
[Round "7"]
[White "Yevseev, D."]
[Black "Belov, Vl"]
[Result "1/2-1/2"]
[WhiteElo "2540"]
[BlackElo "2455"]
[PlyCount "45"]
[EventDate "2001.??.??"]
[Source "www.chesslib.no"]
[SourceDate "2004.05.04"]

1. d4 Nf6 2. c4 g6 3. Nc3 d5 4. e3 Bg7 5. Qb3 e6 6. Nf3 O-O 7. Bd2 b6 8. Be2 c5 9. cxd5 exd5 10. Ne5 Ba6 11. Bf3 cxd4 12. exd4 Nbd7 13. Qa4 Bb7 14. Nxd7 Qxd7 15. Qxd7 Nxd7 16. O-O-O Nf6 17. Rhe1 Rfe8 18. Bf4 Ne4 19. Bxe4 dxe4 20. d5 Bxc3 21. bxc3 Red8 22. d6 Rd7 23. g4 1/2-1/2

[Event "Sarajevo"]
[Site "Sarajevo"]
[Date "1988.??.??"]
[Round "?"]
[White "Lalic, Bogdan"]
[Black "Ninov, Kiril"]
[Result "1/2-1/2"]
[WhiteElo "2495"]
[BlackElo "2495"]
[PlyCount "39"]
[EventDate "1988.03.??"]
[Source "ChessBase"]

1. d4 d5 2. c4 c6 3. Nc3 Nf6 4. e3 g6 5. Nf3 Bg7 6. Qb3 O-O 7. Bd2 e6 8. Bd3 Nbd7 9. O-O c5 10. Rfe1 cxd4 11. exd4 dxc4 12. Bxc4 Nb6 13. Bf1 Nbd5 14. Rac1 b6 15. Ne5 Bb7 16. a4 a6 17. Na2 Rc8 18. Bc4 Rc7 19. Qh3 Nh5 20. Qg4 1/2-1/2

[Event "European Club Cup 2002"]
[Site "?"]
[Date "2002.09.28"]
[Round "7.84"]
[White "Jacimovic Dragoljub"]
[Black "Roiz Michael"]
[Result "1/2-1/2"]
[WhiteElo "2469"]
[BlackElo "2507"]
[PlyCount "26"]
[EventDate "2002.??.??"]
[Source "www.chesslib.no"]
[SourceDate "2004.05.04"]

1. d4 Nf6 2. c4 g6 3. Nc3 d5 4. e3 Bg7 5. Qb3 e6 6. Nf3 O-O 7. Bd2 b6 8. cxd5 exd5 9. Be2 Bb7 10. O-O Nbd7 11. Rfd1 Re8 12. Rac1 c6 13. Be1 Qe7 1/2-1/2

[Event "Baile Herculane zt"]
[Site "Baile Herculane"]
[Date "1982.??.??"]
[Round "18"]
[White "Farago, Ivan"]
[Black "Meduna, Eduard"]
[Result "0-1"]
[WhiteElo "2485"]
[BlackElo "2490"]
[PlyCount "92"]
[EventDate "1982.01.??"]
[Source "ChessBase"]

1. d4 Nf6 2. c4 c6 3. Nc3 d5 4. e3 g6 5. Nf3 Bg7 6. Qb3 O-O 7. Bd2 e6 8. Bd3 Nbd7 9. O-O b6 10. cxd5 exd5 11. e4 dxe4 12. Nxe4 c5 13. Nxf6+ Nxf6 14. dxc5 Be6 15. Qa3 Bd5 16. Rad1 Bxf3 17. gxf3 Qd5 18. Be2 bxc5 19. Be3 Qe6 20. Qxc5 Rfc8 21. Qa5 Nh5 22. b3 Be5 23. Bc4 Qf5 24. Kg2 Nf4+ 25. Bxf4 Qxf4 26. Rh1 Qg5+ 27. Kf1 Rd8 28. Rxd8+ Rxd8 29. h4 Qf6 30. Kg2 Bd4 31. Qg5 Kg7 32. Re1 h6 33. Qg3 Bb6 34. Re2 Rd1 35. a4 h5 36. Qg5 Bd8 37. Re5 Qd6 38. Qe3 Bb6 39. Qe4 Rd2 40. Be2 Rd4 41. Qe3 Rxh4 42. Qg5 Qd4 43. Re3 Bc7 44. Bf1 Rh2+ 45. Kg1 Bf4 46. Qe7 Qd1 0-1

[Event "EU-chT (Men)"]
[Site "Haifa"]
[Date "1989.??.??"]
[Round "3"]
[White "Farago, Ivan"]
[Black "Velikov, Petar"]
[Result "1-0"]
[WhiteElo "2495"]
[BlackElo "2480"]
[PlyCount "69"]
[EventDate "1989.11.??"]
[Source "ChessBase"]

1. d4 d5 2. c4 c6 3. Nc3 Nf6 4. e3 g6 5. Nf3 Bg7 6. Qb3 O-O 7. Bd2 e6 8. Bd3 Nbd7 9. O-O dxc4 10. Qxc4 Nd5 11. Nxd5 exd5 12. Qc2 a5 13. b4 axb4 14. Bxb4 Re8 15. a4 Bf8 16. Bxf8 Kxf8 17. Rfb1 Kg7 18. Qc3 Qa5 19. Qb2 Nf6 20. Ne5 Re7 21. Rc1 Qc7 22. Qb4 Ng4 23. Nf3 Ra5 24. Rc5 Rxc5 25. Qxc5 Re8 26. a5 Nf6 27. Rc1 Re6 28. h3 Qd6 29. Ng5 Qxc5 30. Nxe6+ fxe6 31. Rxc5 Bd7 32. a6 bxa6 33. Bc2 Kf7 34. Ba4 Ne4 35. Rc2 1-0

[Event "8th Open"]
[Site "Voronezh"]
[Date "2004.06.17"]
[Round "6"]
[White "Burmakin, Vladimir"]
[Black "Sergienko, Sergey"]
[Result "1/2-1/2"]
[WhiteElo "2571"]
[BlackElo "2404"]
[PlyCount "147"]
[EventDate "2004.06.12"]
[Source "Roberto Alvarez"]
[SourceDate "2004.07.05"]

1. d4 d5 2. c4 c6 3. Nf3 Nf6 4. e3 g6 5. Nc3 Bg7 6. Qb3 O-O 7. Bd2 e6 8. Bd3 Nbd7 9. O-O c5 10. cxd5 exd5 11. Nxd5 Nxd5 12. Qxd5 Ne5 13. Qxd8 Nxf3+ 14. gxf3 Rxd8 15. Rfc1 cxd4 16. e4 Bd7 17. f4 Rac8 18. f3 Be6 19. Kf2 f5 20. Rxc8 Rxc8 21. b3 Kf7 22. Rc1 Rxc1 23. Bxc1 Bf8 24. Ke2 Bc5 25. Bc2 b5 26. Kd3 fxe4+ 27. fxe4 Bh3 28. Bd1 Bf1+ 29. Be2 Bxe2+ 30. Kxe2 Ke6 31. Kd3 Bb6 32. a4 a6 33. Bd2 h5 34. a5 Bc5 35. b4 Ba7 36. Bc1 Bb8 37. Kxd4 Ba7+ 38. Kd3 Bb8 39. h3 Bd6 40. Bd2 Be7 41. Kc3 Bf8 42. Be3 Be7 43. Bd2 Bf8 44. Kd4 Be7 45. Be1 Bf8 46. Kc3 Bg7+ 47. Kc2 Bf8 48. Kb3 Bd6 49. Bg3 Be7 50. Kc3 Bf6+ 51. Kc2 Be7 52. Kb3 Bf8 53. Bf2 Bd6 54. Be3 Be7 55. Bc5 Bd8 56. Bb6 Be7 57. Kc3 Bf8 58. Bc5 Bh6 59. Be3 Bf8 60. Kb3 Bd6 61. Bd2 Bf8 62. Kc2 Be7 63. Kd3 Bf8 64. Kd4 Be7 65. f5+ gxf5 66. exf5+ Kxf5 67. Kd5 Bf8 68. Kc6 Ke6 69. Kb7 Kd7 70. Kb6 Be7 71. Be1 Bf8 72. Kxa6 Kc6 73. Ka7 Bd6 74. Ka8 1/2-1/2

[Event "32nd olm Yerevan ARM"]
[Site "?"]
[Date "1996.??.??"]
[Round "?"]
[White "Belli, M."]
[Black "Babula, V."]
[Result "0-1"]
[WhiteElo "2425"]
[BlackElo "2545"]
[PlyCount "126"]
[EventDate "1996.??.??"]
[Source "www.chesslib.no"]
[SourceDate "2004.05.04"]

1. d4 Nf6 2. Nf3 g6 3. e3 Bg7 4. c4 O-O 5. Nc3 d5 6. Qb3 e6 7. Bd2 c5 8. dxc5 Na6 9. Qa3 b6 10. c6 Nc5 11. b4 Nce4 12. Rc1 Ng4 13. Nd1 Qd6 14. Qd3 Qxc6 15. cxd5 Qxd5 16. Qxd5 exd5 17. Bb5 Be6 18. h3 Ne5 19. Nd4 Rfc8 20. Nc3 Nxd2 21. Kxd2 Bf8 22. f4 Nc4+ 23. Ke2 Rc7 24. Bc6 Rd8 25. b5 Ba3 26. Rc2 Re7 27. Kf3 Bc5 28. Re1 Bxd4 29. exd4 Rc7 30. g4 Na5 31. f5 gxf5 32. gxf5 Nxc6 33. bxc6 Bxf5 34. Nb5 Bxc2 35. Nxc7 Ba4 36. Rc1 Rd6 37. Nxd5 Rxd5 38. c7 Bd7 39. Ke4 Ra5 40. c8=Q+ Bxc8 41. Rxc8+ Kg7 42. d5 Kf6 43. Rc6+ Ke7 44. Rc7+ Kd6 45. Rc6+ Kd7 46. Rh6 Ra4+ 47. Ke5 Rxa2 48. Rxh7 Rf2 49. Rh8 a5 50. h4 a4 51. h5 Rh2 52. h6 a3 53. Ra8 Rh5+ 54. Ke4 Rxh6 55. Rxa3 Rh4+ 56. Ke5 Rh5+ 57. Ke4 Kd6 58. Rb3 Rh4+ 59. Kf5 Kc5 60. Ke5 Rh5+ 61. Ke4 Rxd5 62. Rc3+ Kd6 63. Rf3 f5+ 0-1

[Event "25th Politiken Cup"]
[Site "Copenhagen"]
[Date "2003.07.20"]
[Round "7"]
[White "Jussupow, Artur"]
[Black "Carlsen, Magnus"]
[Result "1-0"]
[WhiteElo "2583"]
[BlackElo "2385"]
[PlyCount "81"]
[EventDate "2003.07.14"]
[Source "Roberto Alvarez"]
[SourceDate "2003.08.04"]

1. d4 Nf6 2. Nf3 g6 3. c4 Bg7 4. Nc3 d5 5. e3 O-O 6. Qb3 e6 7. Bd2 b6 8. cxd5 exd5 9. Be2 Bb7 10. O-O Nbd7 11. Rfd1 c6 12. a4 a5 13. Rac1 Re8 14. Ne1 Bf8 15. Nd3 Bd6 16. f4 Qe7 17. Ne5 Bb4 18. Bf3 Rac8 19. Be1 Qe6 20. Bh4 c5 21. h3 c4 22. Qc2 Be7 23. Rf1 Bb4 24. g4 Bxc3 25. bxc3 Ne4 26. f5 Qd6 27. Bxe4 dxe4 28. fxg6 fxg6 29. Nf7 Qe6 30. Nh6+ Kh8 31. Rf7 Rf8 32. Rcf1 Rxf7 33. Nxf7+ Kg8 34. Nd8 Qd5 35. Qf2 Bc6 36. Qf4 b5 37. axb5 Bxb5 38. Qh6 Rxd8 39. Bxd8 Qd6 40. Kg2 a4 41. Ba5 1-0

[Event "25th Politiken Cup"]
[Site "Copenhagen"]
[Date "2003.07.17"]
[Round "4"]
[White "Jussupow, Artur"]
[Black "Jakobsen, Ole"]
[Result "1/2-1/2"]
[WhiteElo "2583"]
[BlackElo "2381"]
[PlyCount "62"]
[EventDate "2003.07.14"]
[Source "Roberto Alvarez"]
[SourceDate "2003.08.04"]

1. d4 d5 2. Nf3 Nf6 3. e3 g6 4. c4 Bg7 5. Nc3 O-O 6. Qb3 c6 7. cxd5 cxd5 8. Be2 e6 9. O-O Nc6 10. Bd2 Ne8 11. Rfc1 Nd6 12. Na4 Ne4 13. Nc5 Nxd2 14. Nxd2 Qe7 15. Bb5 e5 16. Bxc6 bxc6 17. Qa4 Rb8 18. Ndb3 Rb6 19. dxe5 Bxe5 20. Nd3 Ra6 21. Qb4 Qxb4 22. Nxb4 Bxb2 23. Nxa6 Bxc1 24. Rxc1 Bxa6 25. Rxc6 Bc4 26. Nd4 Rb8 27. g4 Rb1+ 28. Kg2 Ra1 29. Rc7 Rxa2 30. Nc6 a5 31. Ne5 f6 1/2-1/2

[Event "BCF Ch"]
[Site "Swansea WLS"]
[Date "1995.??.??"]
[Round "4"]
[White "Lawton, Geoffrey W"]
[Black "Sadler, Matthew"]
[Result "0-1"]
[WhiteElo "2385"]
[BlackElo "2575"]
[PlyCount "108"]
[EventDate "1995.08.??"]
[Source "www.chesslib.no"]
[SourceDate "2004.05.04"]

1. d4 d5 2. c4 c6 3. Nf3 Nf6 4. e3 g6 5. Nc3 Bg7 6. Qb3 O-O 7. Bd2 e6 8. Bd3 Nbd7 9. Qc2 c5 10. cxd5 exd5 11. O-O a6 12. b3 b5 13. dxc5 Nxc5 14. Nd4 Bb7 15. b4 Nxd3 16. Qxd3 Qd6 17. h3 Rfc8 18. a4 bxa4 19. Nxa4 Ne4 20. Rfb1 Rab8 21. Be1 h5 22. f3 Ng3 23. Nc5 h4 24. Nxb7 Rxb7 25. Rxa6 Qd7 26. b5 Bxd4 27. exd4 Rcb8 28. b6 Qd6 29. Qb5 Qe6 30. Bxg3 hxg3 31. Qb3 Qe2 32. Qb5 Qe3+ 33. Kh1 Qxd4 34. Qc6 Kh7 35. f4 Qxf4 36. Qxd5 Rxb6 37. Raxb6 Rxb6 38. Rd1 Rb2 39. Rg1 Qf2 40. Qd1 Qf5 41. Rf1 Qe4 42. Rg1 Rf2 43. Qb3 Qf4 44. Qb6 Rf1 45. Rxf1 Qxf1+ 46. Qg1 Qxg1+ 47. Kxg1 Kh6 48. Kf1 Kg5 49. Ke2 Kf4 50. Kd3 Ke5 51. Ke3 f5 52. Kd3 f4 53. Ke2 Ke4 54. Ke1 Ke3 0-1

[Event "Nagykanizsa 1st"]
[Site "Nagykanizsa"]
[Date "2003.11.11"]
[Round "7"]
[White "Farago, Ivan"]
[Black "Antal, Gergely"]
[Result "1-0"]
[WhiteElo "2485"]
[BlackElo "2473"]
[PlyCount "67"]
[EventDate "2003.11.05"]
[Source "ChessBase"]
[SourceDate "2004.03.30"]

1. d4 Nf6 2. c4 g6 3. Nc3 d5 4. Nf3 Bg7 5. e3 O-O 6. Qb3 c6 7. Bd2 a5 8. cxd5 Nxd5 9. Be2 Nb6 10. O-O a4 11. Qc2 Bf5 12. Qc1 N8d7 13. e4 Bg4 14. Bh6 Bxf3 15. Bxf3 Bxd4 16. Bxf8 Qxf8 17. Qc2 Qg7 18. Rac1 h5 19. b3 axb3 20. axb3 Ra5 21. Ne2 Bf6 22. g3 Rb5 23. Bg2 Nc5 24. Rb1 Ne6 25. f4 Nd4 26. Qd3 Nxe2+ 27. Qxe2 Bd4+ 28. Kh1 h4 29. gxh4 Rh5 30. e5 Rxh4 31. Rbd1 Bc5 32. b4 Bxb4 33. Qf2 Qh6 34. Qxb6 1-0

[Event "Czech Open GMA"]
[Site "Pardubice CEC"]
[Date "2007.07.21"]
[Round "2"]
[White "Zakhartsov, V."]
[Black "Orzech, D."]
[Result "1/2-1/2"]
[WhiteElo "2559"]
[BlackElo "2394"]
[PlyCount "100"]
[EventDate "2007.07.20"]
[Source "www.chesslib.no"]
[SourceDate "2004.05.04"]

1. d4 d5 2. c4 c6 3. Nc3 Nf6 4. e3 g6 5. Nf3 Bg7 6. Qb3 O-O 7. Bd2 e6 8. Bd3 Nbd7 9. O-O b6 10. cxd5 exd5 11. e4 dxe4 12. Nxe4 Nxe4 13. Bxe4 Bb7 14. Rac1 Rc8 15. Rfe1 Nf6 16. Bb4 Re8 17. Bd3 Rxe1+ 18. Bxe1 c5 19. Bc4 Bd5 20. Bxd5 Qxd5 21. Qa4 Qd7 22. Qa6 Ne4 23. b4 Rc7 24. dxc5 bxc5 25. Qc4 Bh6 26. Rc2 Nd6 27. Qd5 cxb4 28. Rxc7 Qxc7 29. Bxb4 Qc1+ 30. Ne1 Bf8 31. Kf1 Qf4 32. Nd3 Qe4 33. Qxe4 Nxe4 34. Be1 Nc5 35. Ne5 a6 36. Ke2 f6 37. Nc4 Kf7 38. Ke3 Ke6 39. Kd4 Nd7 40. Nb2 f5 41. Nd3 Bg7+ 42. Kc4 Kd6 43. Ba5 Ne5+ 44. Nxe5 Bxe5 45. h3 Kc6 46. Bb4 Bf6 47. Bc5 Be5 48. f3 Bf6 49. g4 fxg4 50. fxg4 h5 1/2-1/2

[Event "Istanbul ol (Men)"]
[Site "Istanbul"]
[Date "2000.11.09"]
[Round "12"]
[White "Barsov, Alexei"]
[Black "Belotti, Bruno"]
[Result "1-0"]
[WhiteElo "2534"]
[BlackElo "2417"]
[PlyCount "59"]
[EventDate "2000.10.??"]
[Source "www.chesslib.no"]
[SourceDate "2004.05.04"]

1. d4 Nf6 2. c4 g6 3. Nc3 d5 4. Nf3 Bg7 5. e3 O-O 6. Bd2 c6 7. Qb3 dxc4 8. Bxc4 b5 9. Bd3 a5 10. O-O Na6 11. Ne4 Qb6 12. Rfc1 Be6 13. Qa3 b4 14. Qa4 Nxe4 15. Bxe4 c5 16. Bxa8 Rxa8 17. a3 cxd4 18. exd4 Bd5 19. Qd7 Bb7 20. axb4 axb4 21. Be3 Rd8 22. Qxe7 Bf6 23. d5 Bxe7 24. Bxb6 Rxd5 25. Rd1 Rxd1+ 26. Rxd1 Nc5 27. Ne5 Bf6 28. Bxc5 Bxe5 29. Rd8+ Kg7 30. Bd4 1-0

[Event "Rubinstein mem"]
[Site "Polanica Zdroj"]
[Date "1978.??.??"]
[Round "12"]
[White "Knezevic, Milorad"]
[Black "Ghinda, Mihail Viorel"]
[Result "1/2-1/2"]
[WhiteElo "2505"]
[BlackElo "2445"]
[PlyCount "81"]
[EventDate "1978.08.??"]
[Source "ChessBase"]

1. d4 Nf6 2. c4 g6 3. Nc3 d5 4. e3 Bg7 5. Qb3 e6 6. Nf3 O-O 7. Bd2 b6 8. Be2 Bb7 9. cxd5 exd5 10. O-O Nbd7 11. Rfd1 Re8 12. Be1 c6 13. a4 a5 14. Qc2 Qe7 15. Rab1 Qe6 16. Na2 Ne4 17. b4 axb4 18. Nxb4 c5 19. dxc5 bxc5 20. Nd3 Bc6 21. Nf4 Qd6 22. Bb5 Ndf6 23. Nd4 Bxb5 24. Nxb5 Qc6 25. f3 Ng5 26. Bc3 Rad8 27. Bd4 c4 28. a5 Ne6 29. Nxe6 fxe6 30. Be5 Nd7 31. Bxg7 Kxg7 32. Nd4 Qa6 33. Qa4 Nc5 34. Qa1 Kg8 35. Rb6 Qa8 36. Nc6 Rc8 37. Ne5 Nb3 38. Qc3 Qa7 39. Ng4 Qg7 40. Nf6+ Kh8 41. Qe5 1/2-1/2

[Event "FRA-chT N2 2003/2004"]
[Site "FRA"]
[Date "2004.04.04"]
[Round "11.1"]
[White "Barsov, Alexei"]
[Black "Starostits, Ilmars"]
[Result "1-0"]
[WhiteElo "2524"]
[BlackElo "2426"]
[PlyCount "123"]
[EventDate "2004.10.12"]
[Source "Roberto Alvarez"]
[SourceDate "2004.09.15"]

1. d4 d5 2. c4 c6 3. e3 Nf6 4. Nf3 g6 5. Nc3 Bg7 6. Qb3 O-O 7. Bd2 Nbd7 8. cxd5 c5 9. Bc4 cxd4 10. Nxd4 Nb6 11. O-O Qc7 12. Be2 Qd8 13. Bf3 Bg4 14. Rfd1 Qd7 15. Be1 Rfd8 16. h3 Bxf3 17. Nxf3 Qf5 18. a4 Rab8 19. a5 Nbd7 20. Qb4 g5 21. e4 Qg6 22. e5 Nh5 23. Qxe7 Nf4 24. e6 fxe6 25. Qxg5 Qf7 26. dxe6 Nxe6 27. Qg4 h5 28. Qg3 Kh8 29. Ng5 Nxg5 30. Qxg5 Rg8 31. Qd5 Qxd5 32. Nxd5 Bxb2 33. Ra2 Bg7 34. Ne7 Rgd8 35. Rad2 Bf6 36. Ng6+ Kh7 37. Nf4 Nc5 38. Nxh5 Be7 39. Ng3 Kg6 40. Ne2 Rxd2 41. Rxd2 Rd8 42. Nf4+ Kf7 43. Nd5 Bd6 44. Kf1 Ke6 45. Nf4+ Ke7 46. Rc2 Kd7 47. Bb4 Nb3 48. Rb2 Bxf4 49. Rxb3 Kc6 50. g3 Be5 51. f4 Bf6 52. Ke2 Rd5 53. Rd3 Bd4 54. Kf3 Bg7 55. Rxd5 Kxd5 56. g4 b5 57. axb6 axb6 58. g5 Kc4 59. f5 Kxb4 60. f6 Bh8 61. Ke4 Kc5 62. Kf5 1-0

[Event "FRA-chT"]
[Site "FRA"]
[Date "1998.05.11"]
[Round "11"]
[White "Bauer, Christian"]
[Black "Roos, Daniel"]
[Result "1-0"]
[WhiteElo "2520"]
[BlackElo "2430"]
[PlyCount "89"]
[EventDate "1998.02.06"]
[Source "ChessBase"]
[SourceDate "1998.07.07"]

1. d4 Nf6 2. c4 g6 3. Nc3 d5 4. Nf3 Bg7 5. e3 O-O 6. Qb3 c6 7. Bd2 e6 8. Bd3 b6 9. cxd5 exd5 10. O-O Nbd7 11. Rac1 Bb7 12. Rfd1 Re8 13. Qc2 Qe7 14. b4 Ne4 15. Qb3 a6 16. Be1 Nd6 17. a4 b5 18. a5 Rad8 19. Rc2 f5 20. Re2 Nc4 21. Na2 Nf6 22. Nc1 Ne4 23. Qc2 g5 24. Nb3 Bc8 25. Rc1 Rd6 26. Nfd2 Rh6 27. Nf1 g4 28. f3 gxf3 29. gxf3 Ng5 30. Nbd2 f4 31. exf4 Nh3+ 32. Kh1 Qf8 33. Rxe8 Qxe8 34. Bg3 Ne3 35. Re1 Bxd4 36. Nxe3 Bxe3 37. Nf1 d4 38. Qg2 c5 39. Nxe3 dxe3 40. f5 Kf7 41. bxc5 Qc6 42. Rc1 Rh5 43. Qa2+ Ke7 44. Bd6+ Kf6 45. Be4 1-0

[Event "Lvov"]
[Site "Lvov"]
[Date "1988.??.??"]
[Round "?"]
[White "Lalev, Dimitar"]
[Black "Dorfman, Josif D"]
[Result "1/2-1/2"]
[WhiteElo "2430"]
[BlackElo "2520"]
[PlyCount "135"]
[EventDate "1988.02.??"]
[Source "ChessBase"]

1. d4 Nf6 2. Nf3 g6 3. c4 Bg7 4. Nc3 d5 5. e3 O-O 6. Qb3 e6 7. Bd2 b6 8. Be2 c5 9. cxd5 exd5 10. O-O Nc6 11. Rfd1 Be6 12. Qa3 cxd4 13. Nxd4 Nxd4 14. exd4 Ne4 15. Nxe4 dxe4 16. Bb4 Re8 17. d5 Bd7 18. Rac1 e3 19. fxe3 Qg5 20. Bf3 Rxe3 21. Bd2 Bd4 22. Kh1 Rxa3 23. Bxg5 Bxb2 24. Rc7 Ba4 25. d6 Rxf3 26. gxf3 Bxd1 27. d7 Bxf3+ 28. Kg1 Kg7 29. Rxa7 Rxa7 30. d8=Q h5 31. Qxb6 Rxa2 32. Be3 Bg4 33. Bd4+ Bxd4+ 34. Qxd4+ Kh7 35. Qf6 Be6 36. h4 Ra5 37. Kh2 Rf5 38. Qd8 Rf3 39. Kg2 Rf4 40. Kg3 Rf5 41. Kg2 Rf4 42. Kg3 Rg4+ 43. Kf3 Kg7 44. Qe7 Bc4 45. Kf2 Rf4+ 46. Kg3 Rf5 47. Kh2 Bd5 48. Kh3 Be6 49. Kh2 g5 50. hxg5 Kg6 51. Qd8 Rxg5 52. Qg8+ Kf5 53. Qh7+ Ke5 54. Qh6 f6 55. Qh8 Bg8 56. Qh6 Kf5 57. Qf8 Be6 58. Qh6 Bf7 59. Kh3 Rg4 60. Qh7+ Ke6 61. Qh6 Ke7 62. Qh7 Rc4 63. Kg3 Ke6 64. Kh3 Rg4 65. Kh2 h4 66. Kh3 Rf4 67. Kh2 Rf5 68. Kh3 1/2-1/2

[Event "Prague zt"]
[Site "Prague"]
[Date "1985.??.??"]
[Round "13"]
[White "Suba, Mihai"]
[Black "Csom, Istvan"]
[Result "1/2-1/2"]
[WhiteElo "2465"]
[BlackElo "2480"]
[PlyCount "31"]
[EventDate "1985.02.??"]
[Source "ChessBase"]

1. c4 c6 2. Nf3 Nf6 3. Nc3 d5 4. e3 g6 5. Qb3 Bg7 6. d4 O-O 7. Bd2 dxc4 8. Bxc4 Nbd7 9. Ng5 Qe8 10. O-O Nb6 11. Bd3 e5 12. Nce4 Nfd5 13. a4 a5 14. Nd6 Qe7 15. Nxc8 Nxc8 16. e4 1/2-1/2

[Event "Novi Sad ol (Men)"]
[Site "Novi Sad YUG"]
[Date "1990.??.??"]
[Round "11"]
[White "Cifuentes Parada, Roberto"]
[Black "Schmidt, Wlodzimierz"]
[Result "1/2-1/2"]
[WhiteElo "2480"]
[BlackElo "2465"]
[PlyCount "29"]
[EventDate "1990.11.??"]
[Source "www.chesslib.no"]
[SourceDate "2004.05.04"]

1. c4 g6 2. d4 Nf6 3. Nc3 d5 4. Nf3 Bg7 5. e3 O-O 6. Qb3 e6 7. Be2 b6 8. O-O Bb7 9. Rd1 Nbd7 10. Bd2 c5 11. Be1 Qe7 12. Qa3 dxc4 13. Bxc4 a6 14. Be2 b5 15. dxc5 1/2-1/2

[Event "Golden Cleopatra op"]
[Site "Cairo"]
[Date "2001.05.07"]
[Round "6"]
[White "Mirzoev, Azer"]
[Black "Khamrakulov, Ibragim S"]
[Result "1/2-1/2"]
[WhiteElo "2488"]
[BlackElo "2451"]
[PlyCount "43"]
[EventDate "2001.05.02"]
[Source "ChessBase"]
[SourceDate "2001.07.03"]

1. d4 Nf6 2. Nf3 g6 3. c4 Bg7 4. Nc3 d5 5. e3 O-O 6. Qb3 e6 7. Be2 b6 8. cxd5 exd5 9. O-O Bb7 10. Rd1 Nbd7 11. Bd2 Re8 12. Rac1 c6 13. Be1 Bf8 14. Na4 Ne4 15. Nd2 Nd6 16. Nf1 Qf6 17. Ng3 h5 18. h3 Re6 19. Bf3 Rae8 20. Nc3 Bh6 21. Be2 Nf8 22. Bd2 1/2-1/2